000 01253ncm a2200349 c 4500
999 _c349980
_d349980
003 BLK
005 20200330164203.0
008 180414b bul |a|er|||| |0| c|bulo|
010 _aNOT00004096000
040 _aBLK
041 _aBUL
_cBUL
080 _aФлейта
_b788.5
080 _aДуо за две флейти
_b785.72:788.5
139 _aДуети за малките флейтисти
_bД 92
245 1 0 _aДуети за малките флейтисти
_cСъстав и аранж. Захари Петров.
257 _aDEU
260 _bНаука и изкуство
_c1983
_aСофия
300 _c31 см
_a67 с.
380 _a7
501 _aПълното име на състав. е Захари Петров Василев.
505 _tРодна къща
505 _tБяла спретната къщурка
505 _rПарашкев Хаджиев
_tБуйни ветре
505 _rДобри Христов
_tСтара планина
505 _rПанайот Пипков
_tСладкопойна чучулига
505 _rГеорги Атанасов
_tПей ми, славею чудесни
505 _rЕмануил Манолов
_tЛъжливото овчарче
505 _rЕмануил Манолов
_tСадила Димка Босилек
505 _tХубава си, моя горо
505 _tНе плачи, майко, не тъжи
505 _tОбесването на Левски
505 _rДобри Чинтулов
_tСлънчето трепти, захожда
505 _tЖив е той, жив е
505 _rДобри Чинтулов
_tВятър ечи
505 _rКарел Махан
_tПовея вятър есенен
505 _rЗахари Петров
_tПесен
505 _rЛюбомир Пипков
_tОбичам те, родино
505 _rФилип Кутев
_tПолегнала е Тодора
505 _rФилип Кутев
_tПрехвръкнала птичка
505 _tПолска народна песен
505 _gРуска народна песен
_tКогато изляза на рекичката
505 _gПолитзатворническа песен
_rМишо Тодоров
_tИзгнаник
505 _gПолитзатворническа песен
_tАлен мак
505 _tПесен на политзатворника
505 _gПолитзатворническа песен
_rИван Коларов
_tКитна пролет
505 _gНародна партизанска песен
_rЛена Ченчева
_tХей, поле широко
505 _rЗахари Петров
_tМенует
505 _tИталианска народна песен
505 _tРумънска народна песен
505 _tТри френски народни песнички
505 _gНемска народна песен
_tЛорелай
505 _gРуска народна песен
_tИзлизам сам на пътя
505 _gАмериканска народна песен
_tМоето ранчо
505 _tНегърска приспивна народна песен
505 _gРодопска народна песен от смолянско
_tВземи ма, вземи, момне ле...
505 _gРодопска народна песен
_tПетро, петрувлянко
505 _gРодопска народна песен
_tПомниш ли, горо, знаеш ли
505 _gБългарска народна песен от 15 век: Цар Иван Шишмановата
_tОт как се е, мила моя майньо льо
505 _rЗахари Петров
_tТанц
505 _rЗахари Петров
_tКотката
505 _rЙозеф Хайдн
_tМенует
505 _rГеорг Фридрих Хендел
_tИз ораторията Юда Макавей
505 _rЙохан Себастиан Бах
_tИз Селска кантата
505 _rДжовани Батиста Перголези
_tПесен
505 _rЛудвиг ван Бетовен
_tИз Девета симфония - Ода на радостта
505 _rФранц Шуберт
_tПриспивна песен
505 _rФранц Шуберт
_tПъстървата
505 _rЖан Батист Векерлен
_tСтара френска песен от 18 век
505 _rЙохан Себастиан Бах
_tЧетири менуета из албума Анна Магдалена Бах
505 _rВолфганг Амадеус Моцарт
_tИз операта Вълшебната флейта
505 _rДжузепе Верди
_tИз операта Аида
505 _rДжузепе Верди
_tИз операта Риголето
505 _rДжузепе Верди
_tИз операте Трубадур
505 _rПьотр Илич Чайковски
_tИз операта Дама пика
505 _rПьотр Илич Чайковски
_tИз операта Евгений Онегин
505 _rОторино Респиги
_tСицилиана
505 _rКристоф Вилибалд Глук
_tАнданте из балета Дон Жуан
505 _rГеорг Фридрих Хендел
_tМенует
505 _rЛуиджи Бокерини
_tМенует
505 _rЛудвиг ван Бетовен
_tМенует
505 _rЙозеф Хайдн
_tИз симфония № 100
505 _rЙозеф Хайдн
_tМенует из симфония № 100
505 _rЙозеф Хайдн
_tИз симфония № 94
505 _rЙозеф Хайдн
_tМенует из симфония № 94
505 _rВолфганг Амадеус Моцарт
_tТурски марш из Соната в ла мажор
650 7 _aДуо - две флейти
_9153865
653 _aфлейта
653 7 _aдуети
_9185571
700 _aПетров, Захари
_eсъстав. и аранж.
_91485
852 _aЦб М ІІ 9074
_p0
856 4 _qpdf
_u
856 4 _qpdf
_u
942 _cNOT
_n0
_s1
944 _aCR
_c05.10.2017
_kИрена_Линкова
944 _aED
_c05.10.2017
_kИрена_Линкова
999 _d349980
999 _d322018